| 000 | 00431nam a22001097a 4500 | ||
|---|---|---|---|
| 008 | 171216b xxu||||| |||| 00| 0 eng d | ||
| 100 | _aAlfaro, Rogelio | ||
| 245 | _aWho's who on the postage stamps of Chile | ||
| 260 |
_aWashington DC _bPan American Union _c1944 |
||
| 650 | _aChile | Topical Collecting -- Famous People | History | Biographies | Definitive Issues | Commemorative Issues | Designs | Chronology | ||
| 700 | _aKunze, Albert | ||
| 999 |
_c2588 _d2588 |
||